| 000 | 00628nam a2200205 a 4500 | ||
|---|---|---|---|
| 005 | 20140310183230.0 | ||
| 008 | 040414s19uu xx 00 eng d | ||
| 020 | _a0471341134 | ||
| 050 |
_aTX 911.2 _b.B875 2000 |
||
| 245 | _aThe business and management of conventions /. | ||
| 260 |
_aAustralia : _bJohn Wiley and Sons Australia, Ltd, _c2000. |
||
| 300 |
_a422 p. : _bill. ; _c27 cm. |
||
| 521 | _aBSBA | ||
| 650 |
_aHospitality industry _xManagement. |
||
| 650 |
_aConvention facilities _xManagement. |
||
| 650 |
_aCongresses and conventions _xManagement. |
||
| 942 |
_cBK _2lcc _kFOR |
||
| 999 |
_c20486 _d20486 |
||